Statistiken für Größte Städte der Türkei

Klicken Sie hier um das Quiz zu spielen!

Allgemein

  • Dieses Quiz wurde 1.772 mal gespielt
  • Das Durchschnittsergebnis liegt bei 9 aus 15

Antwortstatistiken

BevölkerungStadt% Korrekt
15.113.808Istanbul
100%
5.036.238Ankara
98%
2.956.772Izmir
91%
1.240.891Antalya
89%
1.737.268Adana
70%
1.300.605Konya
67%
1.968.867Bursa
63%
1.667.546Gaziantep
55%
955.542Kayseri
54%
617.788Samsun
50%
996.494Mersin
39%
1.035.036Diyarbakır
38%
765.669Eskişehir
29%
623.285Denizli
28%
708.304Gebze
6%

Verteilung der Resultate

Perzentil nach korrekt beantworteten Fragen

Anzahl Personen mit jedem Resultat

Ihre Resultats-Entwicklung

Sie haben dieses Quiz noch nicht gespielt